Bienvenue au Catalogue en Ligne des Bibliothèques de l'Universite du Burundi

Problématique de l'intégration des batwa au Burundi de 1993-2005 (Record no. 18289)

000 -GUIDE
Champ de contrôle de longueur fixe 00920nam a22002417a 4500
003 - IDENTITÉ DU NUMÉRO DE CONTRÔLE
Champ de contrôle BI-BuBU
008 - ÉLÉMENTS DE LONGUEUR FIXE - RENSEIGNEMENTS GÉNÉRAUX
Champ de contrôle de longueur fixe 121217s 2008bd ||||dr|||| 000 0 fre d
037 ## - SOURCE D'ACQUISITION
Source d'acquisition et du numéro d'inventaire Don
039 ## - NIVEAU DE CONTRÔLE BIBLIOGRAPHIQUE ET HISTORIQUE D'ENCODAGE [OBSOLETE]
Date creation 20121217092337.0
Nom catalographe Aline NIYUBAHWE
040 ## - SOURCE DU CATALOGAGE
Organisme qui a effectué le catalogage original BI-BuBU
Code de la langue utilisée dans le catalogage fre
Organisme qui a effectué la transcription BI-BuBU
080 ## - INDICE DE LA CLASSIFICATION DÉCIMALE UNIVERSELLE (CDU)
Indice de la Classification décimale universelle 572.9.
100 1# - VEDETTE PRINCIPALE - NOM DE PERSONNE
Code de relation aut
Nom de personne Béatrice Nizigiyimana
245 10 - MENTION DU TITRE
Titre Problématique de l'intégration des batwa au Burundi de 1993-2005
Reste du titre cas de la commune Ndava
Mention de responsabilité, etc. Nicodème Bugwabari
260 ## - PUBLICATION, DIFFUSION, ETC. (ADRESSE BIBLIOGRAPHIQUE)
Lieu de publication, diffusion, etc. Bujumbura
Nom de l'éditeur, diffuseur, etc. Université du Burundi
Date of publication, distribution, etc 2008
300 ## - DESCRIPTION MATÉRIELLE
Collation vii-90 f.
Dimensions 30 cm.
500 ## - NOTE GÉNÉRALE
Note générale Mémoire de licence.-UB, 2008
650 #7 - VEDETTE-MATIÈRE - NOM COMMUN
Source du terme BI-BuBU
Vedette de sujet ou vedette comportant un nom géographique Batwa. intégration.
Subdivision chronologique 1993-2005
Subdivision géographique Ndava (commune).
9 (RLIN) 64122
700 ## - VEDETTE SECONDAIRE - NOM DE PERSONNE
Nom d'auteur Bugwabari, Nicodème
9 (RLIN) 64123
710 ## - VEDETTE SECONDAIRE - NOM DE COLLECTIVITÉ
Nom de la collectivité ou nom de lieu comme élément de classement UB
Collectivité subordonnée Lettres et Sciences Humaines
9 (RLIN) 64124
942 ## - ÉLÉMENTS D'ENTRÉE ADDITIONNELLE (KOHA)
Source de la classification ou du système de rangement
Type d item koha Memoire
Holdings
Statut de retrait Statut de perte Source de la classification ou du système de rangement Statut de déterioration Exclu du prêt Numéro d item Koha Localisation permanente Localisation actuelle Date d'acquisition Source d'acquisition Nombre de prêts Cote Code-barres Date last seen Numéro d'exemplaire Prix en vigueur à partir du Type d item koha
          29637 Bibliothèque Centrale Bibliothèque Centrale 17/12/2012 Don   572.9.NIZ. 5010000399559 17/12/2012 1 17/12/2012 Memoire
© 2019-2026 - Bibliothèques de l'Université du Burundi |Tous droits réservés
home | Pour toute information urgente Contactez nous | tel whatsupp: +25779204313